| 000 | 00943nam a22002777a 4500 | ||
|---|---|---|---|
| 001 | 3199 | ||
| 003 | CO-MdFUSB | ||
| 005 | 20190202100539.0 | ||
| 008 | 170425t1983 s ||||| |||| 00| 0 s d | ||
| 020 | _a84-7057-354-4 | ||
| 040 |
_aCO-MdFUSB _bspa _cCO-MdFUSB _dCO-MdFUSBC _erda |
||
| 041 | 0 | _aspa | |
| 082 | 0 | 4 | _aG 211.34 G569t |
| 100 | 1 |
_aGómez Caffarena, José _eautor |
|
| 245 | 3 |
_aEl teismo moral de Kant _c / José Gómez Caffarena |
|
| 264 | 4 |
_aMadrid, España : _b Cristiandad, _c©1983 |
|
| 300 | _a247 Pag | ||
| 336 |
_2rdacontent _a1 _ba1 |
||
| 337 |
_2rdamedia _a2 _b5 |
||
| 338 |
_2rdacarrier _a2 _b5 |
||
| 505 | 0 | 0 | _a- Algnas claves de la metafisica Kantiana - La teologoa trascendente y su crisis - El teismo moral; fe racional y la existencia de Dios - La vision del mundo del teista moral |
| 650 | 7 |
_aDios _xEnseñanza bíblica _2 _9323 |
|
| 650 | 7 |
_aTrinidad _9177 |
|
| 653 | _aKant, Immanuel, 1724-1804 | ||
| 942 | _cBK | ||
| 999 |
_c33892 _d33892 |
||